Vista normal
Vista MARC
Entrada Meeting Name
Número de registros utilizados en: 1
001 - CONTROL NUMBER
- control field: 2744
003 - CONTROL NUMBER IDENTIFIER
- control field: OSt
005 - DATE AND TIME OF LATEST TRANSACTION
- control field: 20200407225630.0
008 - FIXED-LENGTH DATA ELEMENTS
- fixed length control field: 200407|| aca||aabn | a|a d
040 ## - CATALOGING SOURCE
- Original cataloging agency: OSt
- Transcribing agency: OSt
111 ## - HEADING--MEETING NAME
- Meeting name or jurisdiction name as entry element: Congreso Nacional de Planeación Participativa
- Number of part/section/meeting: (6to :
- Date of meeting or treaty signing: 2001 :
- Location of meeting: Pereira)
670 ## - SOURCE DATA FOUND
- Source citation: Work cat.: (OSt)5171: Congreso Nacional de Planeación Participativa (6to : 2001 : Pereira), Diez años de planeación al derecho : , 2001